[Event "XXVII OOM - Mistrzostwa Polski Juniorow Mlodszych - Dziewczeta do lat 14"]
[Site "ApartHotel Termy Uniejow, ul. Termalna 1, 99-210 Uniejow"]
[Date "1899-12-30"]
[Round "1.1"]
[White "Predkiewicz, Paulina"]
[Black "Szczotka, Klara"]
[Result "1/2-1/2"]
[WhiteTitle "I"]
[BlackTitle "k+"]
[WhiteElo "1344"]
[BlackElo "1916"]

1. e4 c5 2. Nf3 e6 3. d4 cxd4 4. Nxd4 a6 5. Nc3 Qc7 6. g3 Nf6 7. Bg2 Nc6 8. O-O
Be7 9. Be3 d6 10. f4 Bd7 11. Qe2 h5 12. h3 Rc8 13. Rad1 b5 14. a3 Na5 15. Kh2
Nc4 16. Bc1 Nxa3 17. e5 dxe5 18. fxe5 Ng8 19. Qf3 f6 20. Nd5 exd5 21. e6 Bc6 22.
Qf5 Bd6 23. Qg6+ Kd8 24. Nxc6+ Qxc6 25. Qxg7 Ne7 26. Qxh8+ Kc7 27. Qxf6 Nc4 28.
Bf4 Kb6 29. Bxd6 Qxd6 30. Rfe1 Rg8 31. Rd3 Rg6 32. Qd4+ Qc5 33. b3 Qxd4 34. Rxd4
Na3 35. Re2 Kc5 36. Rf4 b4 37. Rf7 Kd6 38. Bxd5 Nxd5 39. Rd7+ Kc6 40. Rxd5 Kxd5
41. e7 Rg8 42. e8=Q Rxe8 43. Rxe8 Nxc2 44. Rh8 Na1 45. Rxh5+ Kd4 46. Ra5 Nxb3
47. Rxa6 Nc5 48. Rb6 Kc4 49. h4 Nd7 50. h5 Nxb6 51. h6 b3 52. h7 b2 53. h8=Q b1=Q
54. Qg8+ Nd5 55. Qc8+ Kd4 56. Qh8+ Kc5 57. Qf8+ Kc6 58. Qe8+ Kd6 59. Qd8+ Ke5
60. Qe8+ Kd4 61. Qh8+ Kc4 62. Qc8+ Kb3 63. Qb7+ Nb4 64. Qf7+ Kc3 65. Qc7+ Kd2
66. Qf4+ Ke2 67. Qg4+ Ke3 68. Qf4+ Ke2 69. Qg4+ Ke1 70. Qe6+ Kd2 71. Qh6+ Kd1
72. Qh5+ Kd2 73. Qg5+ Kc2 74. Qc5+ Kb3 75. Qe3+ Kb2 76. Qd4+ Ka3 77. Qa7+ Kb3
78. Qe3+ Kc4 79. Qf4+ Kc5 80. Qf8+ Kc4 81. Qf4+ Kb5 82. Qb8+ Ka5 83. Qd8+ Ka4
84. Qe8+ Ka3 1/2-1/2

[Event "XXVII OOM - Mistrzostwa Polski Juniorow Mlodszych - Dziewczeta do lat 14"]
[Site "ApartHotel Termy Uniejow, ul. Termalna 1, 99-210 Uniejow"]
[Date "1899-12-30"]
[Round "1.2"]
[White "Pawicka, Magdalena"]
[Black "Grzesik, Nikola"]
[Result "1-0"]
[WhiteTitle "k+"]
[BlackTitle "I"]
[WhiteElo "1816"]
[BlackElo "1342"]

1. Nf3 c5 2. c4 Nc6 3. g3 Nf6 4. Bg2 g6 5. O-O Bg7 6. Nc3 O-O 7. e3 d5 8. cxd5
Nxd5 9. Nxd5 Qxd5 10. Nd4 Qd7 11. Nxc6 bxc6 12. Qa4 Rb8 13. Qxc6 Qxc6 14. Bxc6
Bxb2 15. Rb1 Be5 16. Rxb8 Bxb8 17. Ba3 Ba6 18. Rc1 Rc8 19. Bg2 Bd6 20. Bf1 Bxf1
21. Kxf1 f6 22. Rc4 Rb8 23. Bxc5 Bxc5 24. Rxc5 Rb7 25. Ra5 Kf7 26. Ra6 Ke8 27.
Ke2 Kd7 28. d4 Rc7 29. Kd3 Kc8 30. d5 Kd7 31. Kd4 Rb7 32. e4 Rb2 33. Rxa7+ Kd6
34. Ke3 Rc2 35. Ra6+ Kd7 36. a4 Ra2 37. a5 Ra4 38. Ra7+ Kd6 39. Ra6+ Kd7 40. Ra8
Kc7 41. a6 Kd6 42. a7 Kd7 43. f4 Ra3+ 44. Kd2 Ra2+ 45. Kc3 Ra3+ 46. Kb2 Ra6 47.
e5 fxe5 48. fxe5 e6 49. dxe6+ Ke7 50. Rh8 1-0

[Event "XXVII OOM - Mistrzostwa Polski Juniorow Mlodszych - Dziewczeta do lat 14"]
[Site "ApartHotel Termy Uniejow, ul. Termalna 1, 99-210 Uniejow"]
[Date "1899-12-30"]
[Round "1.3"]
[White "Zalewska, Malgorzata"]
[Black "Szopa, Emilia"]
[Result "1-0"]
[WhiteTitle "I"]
[BlackTitle "I++"]
[WhiteElo "1328"]
[BlackElo "1699"]

1. e4 c5 2. Nf3 Nc6 3. d4 cxd4 4. Nxd4 Nf6 5. Nc3 e5 6. Ndb5 d6 7. Bg5 a6 8. Na3
b5 9. Nd5 Be7 10. Bxf6 Bxf6 11. Be2 Bg5 12. c3 Rb8 13. O-O O-O 14. Nc2 Be6 15.
Nce3 a5 16. Bd3 Ne7 17. f4 Nxd5 18. Nxd5 Bxd5 19. fxg5 Be6 20. Qd2 d5 21. exd5
Bxd5 22. Qe3 Re8 23. Kh1 Qb6 24. Bxh7+ Kxh7 25. Qd3+ Qg6 26. Qxd5 Rbd8 27. Qxb5
Qxg5 28. Rxf7 Rd2 29. Rg1 Rh8 30. Rf3 Qe7 31. Rh3+ Kg8 32. Qc4+ Qf7 33. Rxh8+
1-0

[Event "XXVII OOM - Mistrzostwa Polski Juniorow Mlodszych - Dziewczeta do lat 14"]
[Site "ApartHotel Termy Uniejow, ul. Termalna 1, 99-210 Uniejow"]
[Date "1899-12-30"]
[Round "1.4"]
[White "Tokarz, Izabela"]
[Black "Banasiak, Adrianna"]
[Result "1-0"]
[WhiteTitle "I++"]
[BlackTitle "I"]
[WhiteElo "1681"]
[BlackElo "1318"]

1. d4 Nf6 2. c4 c5 3. d5 b5 4. cxb5 a6 5. bxa6 Bxa6 6. g3 g6 7. Bg2 d6 8. Bd2 Bg7
9. Bc3 O-O 10. Nh3 Nbd7 11. Nf4 Nb6 12. h4 Ng4 13. Bxg7 Kxg7 14. h5 g5 15. h6+
Nxh6 16. Nh5+ Kg8 17. Qd2 f6 18. Nf4 Nc4 19. Qc2 Qa5+ 20. Nc3 gxf4 21. Rxh6 f5
22. gxf4 Rab8 23. b3 Na3 24. Qd2 Nb5 25. Rc1 Rf7 26. Rh5 Rg7 27. Rg5 h6 28. Rxg7+
Kxg7 29. Qe3 Kh8 30. Qxe7 Nxc3 31. Qf6+ Kg8 32. Rxc3 Rb7 33. Kf1 Rg7 34. Qe6+
Kf8 35. Qxd6+ Kg8 36. Qe6+ Kf8 37. Qxf5+ Kg8 38. Re3 Qd8 39. Qe6+ Kf8 40. Qxa6
c4 41. Qxc4 Rc7 42. Qb4+ Kf7 43. Rc3 Rxc3 44. Qxc3 Qa8 45. Qc7+ Kf6 46. Qe5+ Kf7
47. Qe6+ Kg7 48. f5 Qxa2 49. f6+ Kg6 50. Be4+ Kg5 51. Qf5+ Kh4 52. Qf4+ Kh5 53.
f7 Qa1+ 54. Kg2 Qg7+ 55. Qg3 Qxg3+ 56. fxg3 Kg4 57. f8=Q Kg5 58. Qf5# 1-0

[Event "XXVII OOM - Mistrzostwa Polski Juniorow Mlodszych - Dziewczeta do lat 14"]
[Site "ApartHotel Termy Uniejow, ul. Termalna 1, 99-210 Uniejow"]
[Date "1899-12-30"]
[Round "1.5"]
[White "Szewczuk, Aleksandra"]
[Black "Lazniewska, Zofia"]
[Result "0-1"]
[WhiteTitle "I"]
[BlackTitle "I+"]
[WhiteElo "1317"]
[BlackElo "1625"]

1. Nf3 d5 2. d4 Nf6 3. Bf4 e6 4. e3 Be7 5. Bd3 Nbd7 6. Nbd2 b6 7. Ne5 Nxe5 8. Bxe5
Bb7 9. c3 Qc8 10. Qc2 h6 11. O-O c5 12. Bb5+ Bc6 13. Qa4 Bxb5 14. Qxb5+ Qd7 15.
Qxd7+ Kxd7 16. Rac1 Rac8 17. Nf3 Rhd8 18. Rfd1 Ke8 19. Rc2 Kf8 20. Kf1 Ne4 21.
Nd2 Nd6 22. Rdc1 f6 23. Bg3 Nf5 24. dxc5 bxc5 25. e4 Nxg3+ 26. hxg3 Rc7 27. c4
d4 28. Nb3 Rb8 29. Re1 Bd6 30. Ke2 Rc6 31. Nc1 a5 32. b3 Ra6 33. Nd3 a4 34. Rb1
axb3 35. axb3 Ra3 36. Rcb2 Kf7 37. b4 cxb4 38. Nxb4 Ra4 39. Nc6 Rxb2+ 40. Rxb2
Rxc4 41. Nd8+ Ke7 42. Nb7 Rb4 43. Rxb4 Bxb4 44. Kd3 e5 45. f4 Kd7 46. Kc4 Kc7
47. f5 Kxb7 48. Kxb4 Kb6 49. g4 Kc7 50. Kc4 Kd6 51. Kb4 Ke7 52. Kc4 Kf7 53. Kd3
g6 54. Ke2 gxf5 55. gxf5 h5 56. g3 Kg7 57. Kf3 Kh6 58. Ke2 Kg5 59. Kf3 h4 60.
gxh4+ Kxh4 61. Ke2 Kg3 62. Kd2 Kf4 63. Kd3 Kf3 0-1

[Event "XXVII OOM - Mistrzostwa Polski Juniorow Mlodszych - Dziewczeta do lat 14"]
[Site "ApartHotel Termy Uniejow, ul. Termalna 1, 99-210 Uniejow"]
[Date "1899-12-30"]
[Round "1.6"]
[White "Janikowska, Wiktoria"]
[Black "Kicinska, Magdalena"]
[Result "1-0"]
[WhiteTitle "I+"]
[BlackTitle "I+"]
[WhiteElo "1610"]
[BlackElo "1315"]

1. e4 c6 2. Nc3 d5 3. Nf3 Bg4 4. h3 Bxf3 5. Qxf3 e6 6. d3 Bb4 7. a3 Bxc3+ 8. bxc3
dxe4 9. dxe4 Nf6 10. Bg5 Nbd7 11. Bd3 Qa5 12. Bd2 Ne5 13. Qe2 Rd8 14. c4 Nxd3+
15. cxd3 Qe5 16. Rd1 Qd4 17. e5 Nd7 18. O-O Qxe5 19. Be3 O-O 20. f4 Qa5 21. Qb2
Nc5 22. Qe5 b6 23. d4 f6 24. Qh5 Qxa3 25. Bc1 Qb4 26. dxc5 bxc5 27. Qe2 Kf7 28.
Qa2 Kg8 29. Bd2 Qb6 30. Rb1 Qc7 31. Ba5 Qd6 32. Bxd8 Rxd8 33. Qxa7 Qd4+ 34. Kh1
Qxc4 35. Rfd1 Rf8 36. Rd7 1-0

[Event "XXVII OOM - Mistrzostwa Polski Juniorow Mlodszych - Dziewczeta do lat 14"]
[Site "ApartHotel Termy Uniejow, ul. Termalna 1, 99-210 Uniejow"]
[Date "1899-12-30"]
[Round "1.7"]
[White "Staniewicz, Adrianna"]
[Black "Seemann, Pola"]
[Result "1/2-1/2"]
[WhiteTitle "WCM"]
[BlackTitle "I++"]
[WhiteElo "1301"]
[BlackElo "1607"]

1. e4 c5 2. Nf3 a6 3. d4 cxd4 4. Nxd4 Nf6 5. Bd3 e5 6. Nb3 Nc6 7. Nc3 h6 8. a3
Be7 9. O-O O-O 10. Kh1 d6 11. h3 Be6 12. Nd2 Qd7 13. Qf3 Nd4 14. Qe3 Nh5 15. Nf3
Nc6 16. Ne2 Kh8 17. g4 Nf6 18. Ng3 Nh7 19. Nf5 Bxf5 20. exf5 Ng5 21. h4 Nxf3 22.
Qxf3 Nd4 23. Qg3 Qc6+ 24. f3 f6 25. c3 Nb3 26. Rb1 Nxc1 27. Rbxc1 d5 28. Qg2 Rfe8
29. Rfe1 Rac8 30. Kh2 Bd6 31. Kh3 b5 32. Qe2 Bb8 33. Qg2 Re7 34. Rc2 Rce8 35.
Rce2 Qd6 36. Bc2 d4 37. cxd4 exd4 38. Rxe7 Rxe7 39. Rxe7 Qxe7 40. Bd3 Qe5 41.
Qf2 Kg8 42. Qg1 Kf8 43. Qf2 Ke7 44. Qg1 Kd7 45. Qf2 Qf4 46. h5 Be5 47. Qg2 Kc7
48. b3 Kb6 49. a4 Qe3 50. Qf1 Qd2 51. Qe2 Qxe2 52. Bxe2 Kc5 53. Kg2 Kb4 54. axb5
axb5 55. Kf2 Kc5 56. Bd3 b4 57. Ke2 Bf4 58. Be4 Kd6 59. Kd3 Ke5 60. Kc4 Bd2 61.
Kc3 Bxc3 1/2-1/2

[Event "XXVII OOM - Mistrzostwa Polski Juniorow Mlodszych - Dziewczeta do lat 14"]
[Site "ApartHotel Termy Uniejow, ul. Termalna 1, 99-210 Uniejow"]
[Date "1899-12-30"]
[Round "1.8"]
[White "Ziobrowska, Maja"]
[Black "Walentyn, Zuzanna"]
[Result "0-1"]
[WhiteTitle "I++"]
[BlackTitle "II"]
[WhiteElo "1601"]
[BlackElo "1297"]

1. e4 c5 2. Nf3 d6 3. c3 Nc6 4. Bd3 a6 5. Bc2 Nf6 6. h3 e6 7. O-O Be7 8. Re1 O-O
9. d4 b5 10. Be3 Bb7 11. Nbd2 Rc8 12. a4 Re8 13. Qe2 Qb6 14. dxc5 dxc5 15. b4
Nd7 16. Nb3 Na7 17. a5 Qc7 18. Red1 Ba8 19. Rac1 cxb4 20. cxb4 Bxb4 21. e5 Bc6
22. Qd3 g6 23. Bb1 Qb7 24. Qd4 Ba3 25. Rc2 Bxf3 26. Qxd7 Qxd7 27. Rxd7 Bd5 28.
Rxa7 Bxb3 29. Rxc8 Rxc8 30. Rxa6 Bc5 31. Bh6 Bd5 32. Kf1 0-1

[Event "XXVII OOM - Mistrzostwa Polski Juniorow Mlodszych - Dziewczeta do lat 14"]
[Site "ApartHotel Termy Uniejow, ul. Termalna 1, 99-210 Uniejow"]
[Date "1899-12-30"]
[Round "1.9"]
[White "Gladyszewska, Kinga"]
[Black "Pastuszko, Katarzyna"]
[Result "1-0"]
[WhiteTitle "I"]
[BlackTitle "I++"]
[WhiteElo "1293"]
[BlackElo "1580"]

1. e4 e5 2. Nf3 Nc6 3. d4 exd4 4. Nxd4 Bc5 5. Nb3 Bb6 6. Nc3 Nf6 7. Bg5 d6 8. Qe2
h6 9. Be3 Be6 10. O-O-O Qe7 11. Bxb6 axb6 12. f3 O-O 13. Qb5 Nd7 14. a3 Na7 15.
Qd3 Bxb3 16. cxb3 Nc5 17. Qc2 b5 18. g4 c6 19. b4 Ne6 20. h4 c5 21. Nd5 Qd8 22.
Kb1 c4 23. Qd2 Nc6 24. f4 Ne7 25. Nxe7+ Qxe7 26. Bg2 Rfd8 27. f5 Nc7 28. g5 hxg5
29. hxg5 f6 30. g6 Qe5 31. Qe3 Kf8 32. Rh7 Rd7 1-0

[Event "XXVII OOM - Mistrzostwa Polski Juniorow Mlodszych - Dziewczeta do lat 14"]
[Site "ApartHotel Termy Uniejow, ul. Termalna 1, 99-210 Uniejow"]
[Date "1899-12-30"]
[Round "1.10"]
[White "Oborska, Magda"]
[Black "Zapalowska, Wiktoria"]
[Result "1-0"]
[WhiteTitle "I++"]
[BlackTitle "I"]
[WhiteElo "1537"]
[BlackElo "1279"]

1. e4 c6 2. d4 d5 3. exd5 cxd5 4. Bd3 g6 5. c3 Nc6 6. Bf4 Bf5 7. Bxf5 gxf5 8. Qb3
Qd7 9. Nf3 Nf6 10. Nbd2 e6 11. h3 Bg7 12. O-O-O Rc8 13. Kb1 O-O 14. Rdg1 Ne4 15.
Nxe4 fxe4 16. Nd2 e5 17. Bxe5 Bxe5 18. dxe5 Nxe5 19. g4 Kh8 20. Rd1 Qc6 21. Rh2
f5 22. gxf5 Rxf5 23. Nf1 Nd3 24. Ne3 Rxf2 25. Rxf2 Nxf2 26. Rxd5 Nxh3 27. Qd1
Qb6 28. Qg4 Rf8 29. Qxh3 Rf3 30. Qc8+ Kg7 31. Nf5+ Rxf5 32. Qxf5 Qg6 33. Qd7+
1-0

[Event "XXVII OOM - Mistrzostwa Polski Juniorow Mlodszych - Dziewczeta do lat 14"]
[Site "ApartHotel Termy Uniejow, ul. Termalna 1, 99-210 Uniejow"]
[Date "1899-12-30"]
[Round "1.11"]
[White "Lewicka, Joanna"]
[Black "Salamon, Julia"]
[Result "1/2-1/2"]
[WhiteTitle "I"]
[BlackTitle "I++"]
[WhiteElo "1252"]
[BlackElo "1504"]

1. e4 c5 2. c3 Nf6 3. e5 Nd5 4. d4 cxd4 5. cxd4 e6 6. a3 Nc6 7. Nf3 d6 8. Bd3 dxe5
9. dxe5 Qc7 10. Qe2 Nxe5 11. O-O Nxd3 12. Qxd3 Bd6 13. Bd2 h6 14. Qd4 Nf6 15.
Nc3 Qc5 16. Rac1 Qxd4 17. Nxd4 a6 18. Na4 O-O 19. Nb6 Rb8 20. Ba5 Bd7 21. Rfd1
Bf4 22. Rc2 e5 23. Nxd7 Nxd7 24. Rc7 exd4 25. Rxd7 Be5 26. Bb6 Rfe8 27. g3 Bf6
28. Bxd4 Bxd4 29. R1xd4 Kf8 30. Rc4 Re7 31. Rcc7 Rxd7 32. Rxd7 Ke8 33. Rc7 b6
34. Kf1 Rd8 35. Rc6 Rb8 36. Rc7 Rd8 37. Ke2 Rd7 38. Rc8+ Ke7 39. Rb8 Rd6 40. Ke3
Rc6 41. Rb7+ Ke6 42. h4 g6 43. f3 b5 44. g4 g5 45. h5 f5 46. Rh7 Ke5 47. Rg7 f4+
48. Kd3 Rd6+ 49. Kc3 a5 50. b4 Rc6+ 51. Kd3 axb4 52. axb4 Rd6+ 53. Kc3 Rc6+ 54.
Kb3 Rb6 55. Rg8 1/2-1/2

[Event "XXVII OOM - Mistrzostwa Polski Juniorow Mlodszych - Dziewczeta do lat 14"]
[Site "ApartHotel Termy Uniejow, ul. Termalna 1, 99-210 Uniejow"]
[Date "1899-12-30"]
[Round "1.12"]
[White "Pudelko, Magdalena"]
[Black "Mitrega, Wiktoria"]
[Result "1/2-1/2"]
[WhiteTitle "I++"]
[BlackTitle "I"]
[WhiteElo "1477"]
[BlackElo "1251"]

1. e4 e6 2. d4 d5 3. Nd2 Nf6 4. e5 Nfd7 5. Ngf3 c5 6. c3 Nc6 7. Bd3 Qb6 8. Qb3
Qxb3 9. axb3 cxd4 10. cxd4 a6 11. O-O Be7 12. Rd1 h6 13. Nf1 Rb8 14. Bd2 b5 15.
Rdc1 Bb7 16. Ng3 O-O 17. Ne2 Rfc8 18. Ne1 Bb4 19. Bxb4 Nxb4 20. f4 g6 21. g4 Rc6
22. Rxc6 Nxc6 23. f5 Kg7 24. Nf3 Rc8 25. h4 Nb4 26. Nf4 Nxd3 27. f6+ Kg8 28. Nxd3
Rc2 29. Nfe1 Rc8 30. Kf2 Kf8 31. Ke3 Ke8 32. b4 Kd8 33. Nc5 Nxc5 34. bxc5 Ra8
35. Ra5 Kd7 36. Kd2 Bc6 37. Kc3 Kc7 38. Kb4 Kb7 39. Nd3 Rg8 40. Nf4 Rf8 41. Ra1
Ra8 42. Ka5 Rg8 43. Rf1 Rf8 44. h5 g5 45. Ng6 Rg8 46. Ne7 Rf8 47. Re1 Re8 48.
Re3 Bd7 49. Re1 Bc6 50. Ra1 Ra8 51. Ra3 Re8 52. Kb4 Ra8 53. Ra1 Bd7 54. Rc1 Bc6
55. Ka5 Re8 56. Ng6 Rg8 57. Ra1 Ra8 58. Kb4 Re8 59. Ne7 Ra8 60. Ra3 Bd7 1/2-1/2

[Event "XXVII OOM - Mistrzostwa Polski Juniorow Mlodszych - Dziewczeta do lat 14"]
[Site "ApartHotel Termy Uniejow, ul. Termalna 1, 99-210 Uniejow"]
[Date "1899-12-30"]
[Round "1.13"]
[White "Jaros, Emilia"]
[Black "Slusarczyk, Anna"]
[Result "0-1"]
[WhiteTitle "I"]
[BlackTitle "I+"]
[WhiteElo "1241"]
[BlackElo "1464"]

1. e4 c5 2. Nf3 e6 3. d4 cxd4 4. Nxd4 a6 5. c4 Nf6 6. Nc3 Qc7 7. a3 b6 8. Be2 Bb7
9. f3 Be7 10. Be3 d6 11. Qd2 Nbd7 12. O-O O-O 13. Rfd1 Rac8 14. Rac1 Qb8 15. b4
Bd8 16. Nb3 Bc7 17. Bf4 Ne5 18. Bxe5 dxe5 19. c5 Rfd8 20. Qg5 b5 21. Rc2 h6 22.
Qe3 Nh5 23. Rcd2 Rxd2 24. Rxd2 f5 25. Bd3 Rf8 26. Rf2 Bd8 27. exf5 exf5 28. Qe2
Nf4 29. Qc2 g6 30. Nc1 Bg5 31. Kf1 Nxd3 32. Nxd3 e4 33. Qb3+ Kh7 34. fxe4 Qxh2
35. Qe6 Bc8 36. Qe5 Qxe5 37. Nxe5 Bf6 38. exf5 Bxe5 39. fxg6+ Kg7 40. Rxf8 Kxf8
41. Nd5 Be6 42. Nb6 Kg7 43. a4 Kxg6 44. axb5 axb5 45. Kf2 Bc3 46. Kf3 Bxb4 47.
c6 Ba5 48. Nd7 Bxd7 49. cxd7 Kf7 50. Kg4 Ke7 51. Kh5 Kxd7 52. Kxh6 Bc3 53. g4
b4 54. g5 b3 55. g6 b2 56. g7 Bxg7+ 57. Kxg7 b1=Q 58. Kf6 Qe4 59. Kg7 Ke7 60.
Kg8 Qg4+ 61. Kh7 Kf7 62. Kh6 Qh4# 0-1

[Event "XXVII OOM - Mistrzostwa Polski Juniorow Mlodszych - Dziewczeta do lat 14"]
[Site "ApartHotel Termy Uniejow, ul. Termalna 1, 99-210 Uniejow"]
[Date "1899-12-30"]
[Round "1.14"]
[White "Kawa, Anna"]
[Black "Peksa, Zuzanna"]
[Result "1-0"]
[WhiteTitle "I"]
[BlackTitle "I"]
[WhiteElo "1440"]
[BlackElo "1231"]

1. e4 c5 2. Nf3 Nc6 3. Bb5 g6 4. Bxc6 dxc6 5. O-O Bg7 6. d3 e5 7. Be3 Qd6 8. Nbd2
Ne7 9. Nc4 Qc7 10. Bxc5 O-O 11. Bd6 Qd8 12. Bxe5 Be6 13. Bxg7 Kxg7 14. Ne3 Qb6
15. Qd2 Rad8 16. a3 Rd7 17. Rab1 Rfd8 18. Qc3+ Kg8 19. Ng5 Qc7 20. Nxe6 fxe6 21.
Ng4 Rd4 22. f4 Kg7 23. Ne5 Kg8 24. Nf3 R4d7 25. Ng5 Qb6+ 26. Kh1 c5 27. Qf6 Rf8
28. Qxe6+ Qxe6 29. Nxe6 Rc8 30. g4 b6 31. f5 gxf5 32. gxf5 Kf7 33. Rg1 Rg8 34.
Rxg8 Kxg8 35. Rg1+ Kh8 36. Rg7 a6 37. f6 Rb7 38. Nd8 Rb8 39. Nf7# 1-0

[Event "XXVII OOM - Mistrzostwa Polski Juniorow Mlodszych - Dziewczeta do lat 14"]
[Site "ApartHotel Termy Uniejow, ul. Termalna 1, 99-210 Uniejow"]
[Date "1899-12-30"]
[Round "1.15"]
[White "Leks, Emilia"]
[Black "Bar, Klaudia"]
[Result "1-0"]
[WhiteTitle "II+"]
[BlackTitle "I"]
[WhiteElo "1213"]
[BlackElo "1439"]

1. c4 c5 2. Nc3 Nc6 3. g3 d6 4. Bg2 Nf6 5. d3 g6 6. Nf3 Bg7 7. O-O O-O 8. Re1 Bf5
9. e4 Bd7 10. Nd5 e6 11. Nc3 Ng4 12. Ng5 Nh6 13. Be3 Nd4 14. h3 a6 15. Rc1 Rb8
16. Qd2 e5 17. Nf3 Nxf3+ 18. Bxf3 Qf6 19. Bg2 g5 20. Nd5 Qe6 21. Bxg5 Kh8 22.
f4 exf4 23. Bxf4 Ng8 24. g4 b5 25. b3 b4 26. Qe2 a5 27. Rf1 a4 28. Rc2 Bc6 29.
Ne3 Ne7 30. Kh1 Ra8 31. Qf3 axb3 32. axb3 Ra3 33. Rb1 Rfa8 34. Qf1 Qd7 35. Qe1
Ng6 36. Bg3 Be5 37. Nf5 Ra2 38. Qf2 Bxg3 39. Nxg3 Rxc2 40. Qxc2 Ne5 41. Qd2 Qe6
42. d4 cxd4 43. Qxd4 Qf6 44. Nf5 Rd8 45. Rd1 Kg8 46. Nxd6 Qf4 47. Qc5 Ra8 48.
Rf1 Qg3 49. Nf5 Qc3 50. Ne7+ Kg7 51. Nxc6 Nxc6 52. Qxc6 Rf8 53. Rf3 Qa1+ 54. Rf1
Qc3 55. Rf5 Qa1+ 56. Kh2 h6 57. g5 hxg5 58. Rxg5+ Kh7 59. e5 Qc1 60. Be4+ Kh8
61. Qh6# Qd2+ 1-0

[Event "XXVII OOM - Mistrzostwa Polski Juniorow Mlodszych - Dziewczeta do lat 14"]
[Site "ApartHotel Termy Uniejow, ul. Termalna 1, 99-210 Uniejow"]
[Date "1899-12-30"]
[Round "1.16"]
[White "Sprzeczka, Emilia"]
[Black "Makarec, Anna"]
[Result "1-0"]
[WhiteTitle "I"]
[BlackTitle "I"]
[WhiteElo "1431"]
[BlackElo "1206"]

1. e4 e5 2. Nf3 Nc6 3. d4 exd4 4. Nxd4 Bc5 5. Nxc6 Qf6 6. Qf3 Qxf3 7. gxf3 bxc6
8. Be3 Bb6 9. a4 Rb8 10. Bc4 d6 11. Nd2 Be6 12. Bb3 a5 13. Nc4 d5 14. Nxb6 cxb6
15. exd5 cxd5 16. O-O-O Ne7 17. Rhg1 Rg8 18. Rge1 Rb7 19. Bg5 Rd7 20. Bxe7 Kxe7
21. Bxd5 Rgd8 22. c4 Kf6 23. Bxe6 Rxd1+ 24. Rxd1 Rxd1+ 25. Kxd1 Kxe6 26. Kd2 Ke5
27. Ke3 h5 28. f4+ Kf5 29. b4 axb4 30. c5 bxc5 31. a5 b3 32. Kd3 c4+ 33. Kc3 Ke4
34. a6 b2 35. Kxb2 Kd3 36. a7 Kd2 37. a8=Q c3+ 38. Kb3 c2 39. Qd5+ Kc1 40. Qd3
1-0

[Event "XXVII OOM - Mistrzostwa Polski Juniorow Mlodszych - Dziewczeta do lat 14"]
[Site "ApartHotel Termy Uniejow, ul. Termalna 1, 99-210 Uniejow"]
[Date "1899-12-30"]
[Round "1.17"]
[White "Dallemura, Julia"]
[Black "Nieckarz, Maja"]
[Result "0-1"]
[WhiteTitle "I"]
[BlackTitle "I"]
[WhiteElo "1196"]
[BlackElo "1430"]

1. e4 c5 2. Nf3 d6 3. Bb5+ Bd7 4. Bxd7+ Qxd7 5. c4 Nc6 6. O-O g6 7. d3 Bg7 8. a3
Nf6 9. Nc3 O-O 10. h3 Qd8 11. Nh2 Nd7 12. Nd5 a6 13. Rb1 b5 14. b4 cxb4 15. axb4
Nb6 16. Be3 Nxd5 17. cxd5 Nb8 18. Qd2 Nd7 19. Bh6 Ne5 20. Bxg7 Kxg7 21. f4 Qb6+
22. Kh1 Nd7 23. Rfc1 Rfc8 24. Nf3 Nf6 25. Kh2 Rxc1 26. Rxc1 a5 27. Rc6 Qa7 28.
bxa5 Qxa5 29. Qxa5 Rxa5 30. Rb6 Nh5 31. Nd4 Nxf4 32. Nxb5 Nxd3 33. Nc7 Nc5 34.
Rb4 Kf6 35. Nb5 Ra8 36. Nc3 Ra3 37. Rc4 Ke5 38. h4 Ra1 39. Kg3 Rf1 40. Rb4 Rf4
41. Rb8 Nxe4+ 42. Nxe4 Rxe4 43. Rf8 f6 44. Rf7 Kxd5 45. Rxh7 Ke6 46. Rg7 Kf5 47.
Kh3 e6 48. g3 d5 49. Kg2 d4 50. Kf3 Re3+ 51. Kf2 Re4 52. Kf3 e5 53. Rg8 Rg4 54.
Rd8 e4+ 55. Kf2 d3 56. Rd6 Ke5 57. Rd8 f5 58. Re8+ Kd4 59. Rd8+ Kc3 60. Rc8+ Kd2
61. Re8 f4 62. gxf4 Rxf4+ 63. Kg3 Rf3+ 64. Kg4 Ke3 65. Rd8 d2 66. Kg5 Rg3+ 67.
Kf6 Ke2 0-1

[Event "XXVII OOM - Mistrzostwa Polski Juniorow Mlodszych - Dziewczeta do lat 14"]
[Site "ApartHotel Termy Uniejow, ul. Termalna 1, 99-210 Uniejow"]
[Date "1899-12-30"]
[Round "1.19"]
[White "Szmajda, Karolina"]
[Black "Niedorys, Karolina"]
[Result "0-1"]
[WhiteTitle "I"]
[BlackTitle "I"]
[WhiteElo "1181"]
[BlackElo "1413"]

1. c4 e5 2. g3 Nf6 3. Bg2 d5 4. cxd5 Nxd5 5. Nc3 Nb6 6. Nf3 Nc6 7. O-O Be7 8. d3
O-O 9. Be3 Be6 10. Qd2 f5 11. Ng5 Bxg5 12. Bxg5 Qd7 13. Be3 Nd5 14. Bc5 Rf7 15.
b3 b6 16. Ba3 Rd8 17. Rac1 f4 18. Qc2 Nd4 19. Qd2 f3 20. exf3 Nxc3 21. Rxc3 Nb5
22. Bb2 Nxc3 23. Bxc3 Qxd3 24. Qxd3 Rxd3 25. Bxe5 Rfd7 26. f4 Rd1 27. h4 Rxf1+
28. Kxf1 Kf7 29. Ke2 c5 30. Bb8 a6 31. Bc6 Rd8 32. Be5 c4 33. Bb7 a5 34. Be4 cxb3
35. axb3 Bxb3 36. Bc7 Re8 37. Kd3 Bc2+ 38. Kxc2 Rxe4 39. Bxb6 a4 40. Be3 g6 41.
Kb2 Ke6 42. Ka3 Kf5 43. Kb2 Kg4 44. Ka3 Rxe3+ 45. fxe3 Kxg3 46. h5 Kf3 47. hxg6
hxg6 48. Kxa4 Kxe3 49. Kb3 Kxf4 50. Kc2 Kf3 51. Kd3 g5 52. Kd4 0-1

[Event "XXVII OOM - Mistrzostwa Polski Juniorow Mlodszych - Dziewczeta do lat 14"]
[Site "ApartHotel Termy Uniejow, ul. Termalna 1, 99-210 Uniejow"]
[Date "1899-12-30"]
[Round "1.20"]
[White "Pniewska, Beata"]
[Black "Feliks, Agnieszka"]
[Result "1/2-1/2"]
[WhiteTitle "I"]
[BlackTitle "I"]
[WhiteElo "1400"]
[BlackElo "1156"]

1. e4 c5 2. c3 d5 3. exd5 Qxd5 4. d4 Nc6 5. Nf3 Bf5 6. Be2 e6 7. O-O Nf6 8. Na3
Rd8 9. Nb5 Qd7 10. Bf4 Nd5 11. Ne5 Nxe5 12. Bxe5 a6 13. c4 axb5 14. cxd5 f6 15.
dxe6 Bxe6 16. Bh5+ Bf7 17. Bxf7+ Kxf7 18. Qh5+ Kg8 19. Bf4 cxd4 20. Rac1 g6 21.
Qh4 g5 22. Qg3 Bd6 23. Bxd6 Qxd6 24. Qf3 Rd7 25. Qb3+ Qd5 26. Rc8+ Kg7 27. Qxd5
Rxd5 28. Rxh8 Kxh8 29. Rd1 Kg7 30. Kf1 Kf7 31. Ke2 Ke6 32. Kd3 h5 33. Rc1 Kf5
34. Rc7 h4 35. Rxb7 Kf4 36. Re7 f5 37. h3 g4 38. hxg4 fxg4 39. Re4+ Kg5 40. b3
Kh5 41. a4 bxa4 42. bxa4 Kg5 43. Kc4 Rf5 44. Re2 h3 45. gxh3 gxh3 46. Kxd4 h2
47. Re1 Rxf2 48. Kc5 Ra2 49. Kb5 Kg4 50. a5 Kg3 51. a6 Kg2 52. Kb6 h1=Q 53. Rxh1
Kxh1 54. a7 Rxa7 55. Kxa7 1/2-1/2

[Event "XXVII OOM - Mistrzostwa Polski Juniorow Mlodszych - Dziewczeta do lat 14"]
[Site "ApartHotel Termy Uniejow, ul. Termalna 1, 99-210 Uniejow"]
[Date "1899-12-30"]
[Round "1.21"]
[White "Gac-mytych, Sara"]
[Black "Popczynska, Maja"]
[Result "1/2-1/2"]
[WhiteTitle "II"]
[BlackTitle "I"]
[WhiteElo "1125"]
[BlackElo "1400"]

1. c4 Nf6 2. Nc3 d5 3. e3 g6 4. g3 Bg7 5. Bg2 c6 6. cxd5 cxd5 7. Nf3 O-O 8. O-O
Nc6 9. d4 Bf5 10. a3 Rc8 11. Ne5 a6 12. f4 Na5 13. Bd2 Nc4 14. Nxc4 Rxc4 15. Qb3
b5 16. Rfc1 Qd7 17. a4 Rb8 18. axb5 axb5 19. Ra5 Bd3 20. Bf1 Bxf1 21. Kxf1 Qh3+
22. Ke1 Qxh2 23. Rxb5 Rxb5 24. Qxb5 Qxg3+ 25. Kd1 Qg4+ 26. Ne2 Rxc1+ 27. Bxc1
Qd7 28. Qb4 Ne4 29. b3 Qh3 30. Qe1 Qf3 31. b4 Qf2 32. Qxf2 Nxf2+ 33. Kc2 Ne4 34.
b5 Nd6 35. b6 Bf6 36. Nc3 e6 37. Ba3 Nb7 38. Na4 h5 39. Nc5 Na5 40. Bb4 Nc6 41.
Be1 Bd8 42. b7 Bc7 43. Na6 Bd6 44. Kb3 Kf8 45. Ka4 Ke8 46. Kb5 Nb8 47. Nc5 Bc7
48. Ba5 Bxa5 49. Kxa5 Kd8 50. Na6 Nd7 51. b8=Q+ Nxb8 52. Nxb8 f6 53. Nc6+ Ke8
54. Nb4 h4 55. Nd3 h3 56. Nf2 h2 57. Kb4 g5 58. fxg5 fxg5 59. Kc3 g4 60. Nh1 Kf7
61. Kd2 Kg6 62. Ke2 Kf5 63. Ng3+ Kf6 64. Kf2 e5 65. dxe5+ Kxe5 66. Kg2 d4 67.
exd4+ Kxd4 68. Kxh2 Ke3 69. Kg2 Kf4 1/2-1/2